000 00290nam a22001337a 4500
008 170824b xxu||||| |||| 00| 0 eng d
020 _a2900321466074
041 _aeng
080 _23RD
_a51
100 _a38
101 _aMAT
245 _aCOLLEGE ALGEBRA
_cBEECHER,J.A
942 _2udc
_cBK
999 _c24824
_d24824